| 000 | 00971 a2200229 4500 | ||
|---|---|---|---|
| 020 | _a047168161X | ||
| 040 |
_aDLC _bDLC |
||
| 082 | _a621.31042 | ||
| 100 | 1 | _aReeve, Whitham D. | |
| 245 | 1 | 0 |
_aDC power system design for telecommunications _cWhitham D. Reeve |
| 246 | 3 | _aDC power system design for telecommunications [electronic resource] | |
| 260 |
_aHoboken, N.J. : _bIEEE Press ; _aHoboken, N.J. : _bWiley, _cc2007. |
||
| 300 |
_ax, 500 p. : _bill. ; _c26 cm. |
||
| 490 | 1 | _aIEEE Press telecommunications handbook series. | |
| 650 | 0 |
_aElectric circuits _xDirect current. |
|
| 650 | 0 |
_aElectric power systems _xDesign and construction. |
|
| 650 | 0 |
_aTelecommunication systems _xDesign and construction. |
|
| 710 | 2 | _aWiley InterScience (Online service) | |
| 830 | 0 | _aTelecommunications handbook series. | |
| 856 | 4 | 1 | _uhttp://libproxy1.nus.edu.sg/login?url=http://www3.interscience.wiley.com/cgi-bin/homepage/?isbn=9780470045039 |
| 942 |
_cBK _k621.31042 REE _2ddc |
||
| 999 |
_c7920 _d7920 |
||